Missing Word: Whoopi Goldberg Quiz Stats

 Plays Quiz Updated Nov 5, 2016

Challenge
Share
Tweet
Embed
Score 0/16 Timer 03:00
0 Plays Today
Film Missing Word % Correct
*Toy _____ 3*Story
98.9%
*The Lion _____*King
97.5%
Naked in _____ YorkNew
96.8%
The Color _____Purple
96.5%
*The _____ Engine That Could*Little
92.5%
How Stella Got Her _____ BackGroove
90.6%
_____ Jack FlashJumpin'
88.5%
_____, InterruptedGirl
87.8%
Film Missing Word % Correct
Madea _____ to JailGoes
84.6%
Sister _____ 2: Back in the HabitAct
65%
Kingdom _____Come
60.8%
Made in _____America
52.3%
The Long _____ HomeWalk
40.3%
Rat _____Race
38.6%
_____ of MississippiGhosts
33.5%
The Little ____Rascals
21.1%

Today's Daily Dose

You're not logged in!

Compare scores with friends on all Sporcle quizzes.
OR
Log In

You Might Also Like...

Show Comments

Extras

Top Quizzes Today


Score Distribution

Your Account Isn't Verified!

In order to create a playlist on Sporcle, you need to verify the email address you used during registration. Go to your Sporcle Settings to finish the process.

Report this User

Report this user for behavior that violates our Community Guidelines.

Details: